Effectif Toulouse FC (2025-2026) - Statistiques

Statistiques générales
  • Ce quiz a été pris 30 fois
  • Le résultat moyen est 20 sur 34
Statistiques - réponses
Numéro Poste Nationalité Nom % Correct
4 DC Angleterre Charlie Cresswell
96%
1 G France Guillaume Restes
96%
19 DD France Djibril Sidibé
92%
- Coach Espagne Carles Martinez
88%
23 MDC Venezuela Cristian Casseres
88%
3 DC Etats-Unis Mark McKenzie
88%
11 AD Argentine Santiago Hidalgo
88%
10 AD France Yann Gboho
88%
24 DG France Dayann Methalie
85%
9 BU Cameroun Frank Magri
85%
2 DC Danemark Rasmus Nicolaisen
85%
12 DD Norvège Waren Hakon Christofer Kamanzi
81%
15 AG Norvège Aaron Donnum
77%
20 BU Brésil Emersonn
77%
16 G Norvège Kjetil Haug
77%
7 BU Argentine Julian Vignolo
73%
22 MC Algérie Rafik Messali
65%
77 MC Slovaquie Mario Sauer
62%
18 MC Sénégal Pape Demba Diop
62%
17 MDC Ghana Abu Francis
54%
30 G Espagne Alex Dominguez
50%
37 AG France Ilyas Azizi
50%
13 BU Canada Jacen Russell-Rowe
50%
35 DC France Seny Koumbassa
50%
45 MDC France Alexis Vossah
46%
21 BU France Enzo Faty
27%
40 G Comores Naïme Saïd Mchindra
27%
44 DC France Gaëtan Bakhouche
23%
34 MDC France Noah Lahmadi
23%
27 DC France Nicolas Wasbauer
19%
28 MC France Darris Zema
12%
25 DC RD Congo Frédéric Efuele Ngoyala
12%
42 DD France Thibaud Garondo
8%
33 MC France Adam El Ouali
4%
Aucun quiz correspondant
Distribution des résultats
% des personnes avec chaque résultat
Percentile par nombre de réponses
Votre historique - résultats
Vous n’avez pas pris ce quiz